How I Met Your Mother Episodes - Statistics

General Stats
  • This quiz has been taken 3,436 times
    2,942 since last reset
  • The average score is 55 of 205
Answer Stats
No. Episode % Correct
1.1 Pilot
87%
1.12 The Wedding
61%
3.9 Slapsgiving
59%
1.2 Purple Giraffe
58%
5.8 The Playbook
57%
2.9 Slap Bet
53%
1.10 The Pineapple Incident
51%
9.16 How Your Mother Met Me
46%
1.6 Slutty Pumpkin
46%
5.9 Slapsgiving 2: Revenge of the Slap
44%
2.22 Something Blue
44%
9.23 / 9.24 Last Forever
43%
2.21 Something Borrowed
42%
3.1 Wait for It
42%
8.24 Something New
40%
8.23 Something Old
40%
4.2 The Best Burger in New York
40%
1.21 Milk
39%
3.17 The Goat
39%
7.3 Ducky Tie
38%
3.5 How I Met Everyone Else
38%
1.18 Nothing Good Happens After 2 A.M.
38%
3.16 Sandcastles in the Sand
38%
1.3 Sweet Taste of Liberty
38%
2.4 Ted Mosby: Architect
38%
2.8 Atlantic City
37%
8.1 Farhampton
37%
2.1 Where Were We?
37%
1.16 Cupcake
36%
9.14 Slapsgiving 3: Slappointment in Slapmarra
36%
1.11 The Limo
36%
7.23 / 7.24 The Magician's Code
36%
1.4 Return of the Shirt
35%
5.3 Robin 101
35%
2.7 Swarley
35%
8.11 / 8.12 The Final Page
35%
4.24 The Leap
35%
1.22 Come On
34%
4.4 Intervention
34%
1.8 The Duel
34%
2.3 Brunch
33%
9.20 Daisy
33%
1.15 Game Night
33%
2.11 How Lily Stole Christmas
33%
4.3 I Heart NJ
33%
1.5 Okay Awesome
33%
5.24 Doppelgangers
32%
1.19 Mary the Paralegal
32%
3.13 Ten Sessions
32%
4.9 The Naked Man
32%
5.23 The Wedding Bride
32%
1.14 Zip, Zip, Zip
32%
2.6 Aldrin Justice
31%
6.13 Bad News
31%
2.12 First Time in New York
31%
6.19 Legendaddy
31%
4.20 Mosbius Designs
31%
5.15 Rabbit or Duck
31%
4.5 Shelter Island
31%
7.8 The Slutty Pumpkin Returns
31%
4.15 The Stinsons
31%
1.9 Belly Full of Turkey
30%
1.20 Best Prom Ever
30%
5.1 Definitions
30%
1.13 Drumroll, Please
30%
5.12 Girls Versus Suits
30%
6.9 Glitter
30%
6.14 Last Words
30%
1.17 Life Among the Gorillas
30%
6.15 Oh Honey
30%
8.15 P.S. I Love You
30%
9.1 The Locket
30%
4.13 Three Days of Snow
30%
6.10 Blitzgiving
29%
6.4 Subway Wars
29%
9.22 The End of the Aisle
29%
5.13 Jenkins
28%
5.22 Robots Versus Wrestlers
28%
8.5 The Autumn of Break-Ups
28%
7.16 The Drunk Train
28%
3.11 The Platinum Rule
28%
7.10 Tick Tick Tick…
28%
3.2 We're Not from Here
28%
2.17 Arrivederci, Fiero
27%
3.7 Dowisetrepla
27%
9.21 Gary Blauman
27%
7.18 Karma
27%
4.11 Little Minnesota
27%
2.15 Lucky Penny
27%
4.8 Woooo!
27%
7.7 Noretta
26%
4.7 Not a Father's Day
26%
5.14 Perfect Week
26%
7.1 The Best Man
26%
4.10 The Fight
26%
2.2 The Scorpion and the Toad
26%
8.13 Band or DJ?
25%
2.13 Columns
25%
5.2 Double Date
25%
1.7 Matchmaker
25%
2.14 Monday Night Football
25%
2.18 Moving Day
25%
5.7 The Rough Patch
25%
5.4 The Sexless Innkeeper
25%
8.20 The Time Travelers
25%
3.10 The Yips
25%
8.4 Who Wants to Be a Godparent?
25%
6.5 Architect of Destruction
24%
2.19 Bachelor Party
24%
6.12 False Positive
24%
3.20 Miracles
24%
4.19 Murtaugh
24%
6.8 Natural History
24%
3.12 No Tomorrow
24%
3.18 Rebound Bro
24%
3.14 The Bracket
24%
9.8 The Lighthouse
24%
7.20 Trilogy Time
24%
4.23 As Fast as She Can
23%
4.1 Do I Know You?
23%
5.5 Duel Citizenship
23%
9.3 Last Time in New York
23%
2.10 Single Stamina
23%
5.10 The Window
23%
2.5 World's Greatest Couple
23%
5.19 Zoo or False
23%
7.14 46 Minutes
22%
5.16 Hooked
22%
6.23 Landmarks
22%
5.11 Last Cigarette Ever
22%
7.6 Mystery vs. History
22%
4.18 Old King Clancy
22%
4.16 Sorry, Bro
22%
2.16 Stuff
22%
7.15 The Burning Beekeeper
22%
8.2 The Pre-Nup
22%
4.21 The Three Days Rule
22%
9.19 Vesuvius
22%
6.6 Baby Talk
21%
5.6 Bagpipes
21%
9.11 Bedtime Stories
21%
6.24 Challenge Accepted
21%
6.17 Garbage Island
21%
9.17 Sunrise
21%
8.22 The Bro Mitzvah
21%
3.15 The Chain of Screaming
21%
4.14 The Possimpible
21%
7.4 The Stinson Missile Crisis
21%
5.21 Twin Beds
21%
4.12 Benefits
20%
7.22 Good Crazy
20%
3.4 Little Boys
20%
7.12 Symphony of Illumination
20%
7.13 Tailgate
20%
7.19 The Broath
20%
4.17 The Front Porch
20%
6.11 The Mermaid Theory
20%
9.12 The Rehearsal Dinner
20%
3.19 Everything Must Go
19%
4.6 Happily Ever After
19%
8.3 Nannies
19%
4.22 Right Place, Right Time
19%
8.6 Splitsville
19%
9.5 The Poker Game
19%
9.15 Unpause
19%
8.18 Weekend at Barney's
19%
8.16 Bad Crazy
18%
6.7 Canning Randy
18%
6.16 Desperation Day
18%
9.6 Knight Vision
18%
9.18 Rally
18%
8.21 Romeward Bound
18%
5.18 Say Cheese
18%
2.20 Showdown
18%
6.20 The Exploding Meatball Sub
18%
8.19 The Fortress
18%
9.13 Bass Player Wanted
17%
8.9 Lobster Crawl
17%
9.10 Mom and Dad
17%
9.7 No Questions Asked
17%
5.17 Of Course
17%
8.14 Ring Up!
17%
3.8 Spoiler Alert
17%
8.17 The Ashtray
17%
8.7 The Stamp Tramp
17%
6.1 Big Days
16%
9.4 The Broken Code
16%
7.2 The Naked Truth
16%
3.3 Third Wheel
16%
8.8 Twelve Horny Women
16%
6.3 Unfinished
16%
6.2 Cleaning House
15%
7.9 Disaster Averted
15%
5.20 Home Wreckers
15%
3.6 I'm Not That Guy
15%
9.9 Platonish
15%
6.22 The Perfect Cocktail
15%
7.11 The Rebound Girl
14%
7.21 Now We're Even
13%
8.10 The Over-Correction
13%
6.18 A Change of Heart
12%
7.5 Field Trip
12%
6.21 Hopeless
12%
7.17 No Pressure
12%
9.2 Coming Back
11%
No matching quizzes found
Score Distribution
Percent of People with Each Score
Percentile by Number Answered
Your Score History
You have not taken this quiz since the last reset